Szczegóły MARC21

LANDFORM evolution in European Mountains /

005 -DATA I CZAS OSTATNIEJ MODYFIKACJI [,]
    • @
    • pole kontrolne
    • 20070315155141.9
040 -Instytucja sporządzająca opis [ , ]
    • a
    • Instytucja, która sporządziła opis (NP)
    • SZCZ U
    • c
    • Instytucja, która sporządziła rekord (NP)
    • SZCZ U
041 -Język dokumentu [0, ]
    • a
    • Język tekstu (P)
    • wielojęzyczny
    • h
    • Język tekstu oryginalnego i/lub pośredniego (P)
    • wielojęzyczny
942 -Rodzaj dokumentu [ , ]
    • c
    • Rodzaj dokumentu
    • Książka
245 -Strefa tytułu i oznaczenia odpowiedzialności [0, ]
    • a
    • Tytuł
    • LANDFORM evolution in European Mountains / Find
    • c
    • Pozostałe elementy strefy tytułu i oznaczenia odpowiedzialności (NP)
    • [red. Adam Kotarba].
260 -Strefa adresu wydawniczego [ , ]
    • a
    • Miejsce wydania (P)
    • Wrocław :
    • b
    • Nazwa wydawcy (P)
    • Zakł.Narod.im. Ossolińskich,
    • c
    • Data wydania (P)
    • 2001.
300 -Strefa opisu fizycznego [ , ]
    • a
    • Określenie formy książki i/lub objętość (NP)
    • 125 :
    • c
    • Format (NP)
    • 24 cm.
490 -Strefa serii i książki wielotomowej - forma nie do wyszukiwania [0, ]
    • z
    • Numer rekordu powiązanego
    • 119275
    • a
    • Tytuł (P)
    • (STUDIA Geomorphologica Carpatho-Balcanica / Polska Akademia Nauk. Oddział w Krakowie. Komisja Nauk Geograficznych ; Find
    • y
    • Zob. egzemplarze
    • 6
    • x
    • ISSN (NP)
    • 0081-6434)
    • v
    • Numeracja (P)
    • Vol.35,
500 -Uwaga ogólna [ , ]
    • a
    • Uwaga ogólna (NP)
    • Bibliogr.,streszcz
080 -Uniwersalna Klasyfikacja Dziesiętna [ , ]
    • a
    • Symbol klasyfikacji
    • 551.43(4)
980 -Symbol UKD [ , ]
    • a
    • UKD
    • 551.43(4)
700 -Hasło dodatkowe - nazwa osobowa [ , ]
    • a
    • Nazwa osobowa (NP)
    • Kotarba Adam Find
Sygnatura Data inwentaryzacji Lokalizacja Powiązanie z serią Status udost. Numer inwentarzowy Numer tomu
Blc.20472003-06-09BG61Blc.8041Vol.35 (2001)